000 00661nam a2200253Ia 4500
001 Para_6537
003 CHAP
008 220125s1983 xx 000 0 und d
010 _a205095
040 _cCHAP
082 _aPA 632.95 B64
100 _aBohmont, Bert L.
_913436
245 _aThe new pesticide user“s guide /
_c by Bert L. Bohmont
260 _aReston, Virginia :
_b Reston Publishing Company
300 _a452 p.
650 _aPesticidas
_987536
901 _aPA 632.95 B64
902 _aA
905 _a0000001983 0000000000 00
910 _a1983
942 _cPARA
942 _cPARA
_d1
999 _c205095
_d205095